| 000 | 00437nam a2200181Ia 4500 | ||
|---|---|---|---|
| 003 | SISC | ||
| 005 | 20190128094146.0 | ||
| 008 | 190115s9999 xx 000 0 und d | ||
| 020 | _a9786071505903 | ||
| 100 | _aLoveday, Peter | ||
| 245 |
_cPeter Loveday _aTakeaway english 2: _baudio cd 2/ |
||
| 260 |
_aNY: _bMcGraw Hill _c2012 |
||
| 300 | _a1 CD | ||
| 500 | _aCD-ROM | ||
| 650 | _aLanguage | ||
| 942 |
_2lcc _cAVM |
||
| 999 |
_c360353 _d360353 |
||